000 00387nam a2200133Ia 4500
005 20260328101523.0
008 260328s9999||||xx |||||||||||||| ||und||
100 _aStrabucchi Chambers, Wren
245 0 _aCien Años de Arquitectura en la Universidad Católica 1894-1994 /
_cWren Strabucchi Chambers
260 _bARQ
300 _a270 p.
650 _aARQUITECTURA REGIONAL
942 _cBK
999 _c9679
_d9679